000 01241nam a2200265Ia 4500
003 OSt
005 20220930095108.0
006 a|||||r|||| 00| 0
007 ta
008 220926b |||||||| |||| 00| 0 hin d
024 _a71712
037 _cTheses
040 _aCRL
_cCRL
_bhin
041 _2hin
_ahin
100 _aयादव, दिनेश कुमार, ले.
110 _aदिल्ली विश्वविद्यालय. कला संकाय. हिन्दी विभाग
245 0 _aस्वतं×योत्तर हिन्दी कविता में प्रयुक्त देशज शब्दावली का समाज भाषावैज्ञानिक अध्ययन
246 _aSvatan×yottar hindī kavitā mean prayukta deshaj shabdāvalī kā samāj bhāṣhāvaijnyānik adhyayana
260 _c2018
300 _a295पृ0
_ap.
_ccm.
650 _aहिन्दी साहित्य
700 _aदिल्ली विश्वविद्यालय. कला संकाय. हिन्दी विभाग
942 _cDIS
_2CC
999 _c888321
_d888321